[Event "Buenos Aires Grafica Yael-A"]
[Site "Buenos Aires"]
[Date "2018.08.04"]
[Round "9"]
[White "Ocantos, Manuel"]
[Black "Strgacich, Aylen"]
[Result "1-0"]
[WhiteElo "2219"]
[BlackElo "1869"]
[PlyCount "101"]
[EventDate "2018.07.28"]
[EventType "tourn"]
[EventRounds "9"]
[EventCountry "ARG"]
[EventCategory "1"]
[SourceTitle "CBM 185 Extra"]
[Source "ChessBase"]
[SourceDate "2018.07.29"]
[SourceVersion "1"]
[SourceVersionDate "2018.07.29"]
[SourceQuality "1"]

1. d4 Nf6 2. c4 g6 3. Nc3 d5 4. Nf3 Bg7 5. Qb3 dxc4 6. Qxc4 0-0 7. e4 a6 8. e5 b5 9. Qb3 Be6 10. exf6 Bxb3 11. fxg7 Kxg7 12. axb3 Nc6 13. Be3 Qd6 14. Be2 f5 15. g3 h6 16. 0-0 g5 17. d5 Nb4 18. Bd4+ Kh7 19. Be5 Qd7 20. Rad1 c6 21. d6 Rad8 22. Bd4 exd6 23. Bb6 Rde8 24. Ba5 c5 25. Bd3 Nxd3 26. Rxd3 b4 27. Rfd1 bxc3 28. Rxd6 Qb5 29. Rd7+ Kg8 30. Bxc3 Rf7 31. R7d6 Kh7 32. h4 g4 33. Ne5 Rfe7 34. Nd7 Kg8 35. Nf6+ Kf7 36. Nxe8 Kxe8 37. Rxh6 Qxb3 38. Rh8+ Kf7 39. Rdd8 Qc2 40. Rh7+ Ke6 41. Rh6+ Kf7 42. Rf6+ Kg7 43. Rxf5+ Kh7 44. Rh8+ Kg6 45. Rf6+ Kg7 46. Rff8+ Kg6 47. h5+ Kg5 48. Bf6+ Kf5 49. Bxe7+ Ke6 50. Bf6 Qd1+ 51. Kh2 1-0

[Event "Buenos Aires Grafica Yael-A"]
[Site "Buenos Aires"]
[Date "2018.08.01"]
[Round "6"]
[White "Strgacich, Aylen"]
[Black "Miranda, Rafael"]
[Result "0-1"]
[WhiteElo "1869"]
[BlackElo "2273"]
[PlyCount "64"]
[EventDate "2018.07.28"]
[EventType "tourn"]
[EventRounds "9"]
[EventCountry "ARG"]
[EventCategory "1"]
[SourceTitle "CBM 185 Extra"]
[Source "ChessBase"]
[SourceDate "2018.07.29"]
[SourceVersion "1"]
[SourceVersionDate "2018.07.29"]
[SourceQuality "1"]

1. d4 Nf6 2. c4 c5 3. d5 b5 4. cxb5 a6 5. bxa6 g6 6. g3 d6 7. Bg2 Bg7 8. Nf3 0-0 9. 0-0 Bf5 10. Nfd2 Nxa6 11. e4 Bg4 12. f3 Bd7 13. Nc3 Nb4 14. Nc4 Bc8 15. Re1 Nd7 16. a3 Ba6 17. Bf1 Bxc4 18. Bxc4 Ne5 19. Be2 c4 20. f4 Qb6+ 21. Kg2 Nbd3 22. Rf1 Nxc1 23. Qxc1 Nd7 24. Qc2 Rfc8 25. Rad1 Rab8 26. Rd2 Qa5 27. Rf3 Rc7 28. Nd1 Bxb2 29. Bxc4 Rxc4 30. Qxb2 Rxb2 31. Rxb2 Rxe4 32. Rfb3 Qxd5 0-1

[Event "Buenos Aires Grafica Yael-A"]
[Site "Buenos Aires"]
[Date "2018.07.31"]
[Round "5"]
[White "Barrionuevo, Pablo"]
[Black "Strgacich, Aylen"]
[Result "1-0"]
[WhiteElo "2238"]
[BlackElo "1869"]
[PlyCount "43"]
[EventDate "2018.07.28"]
[EventType "tourn"]
[EventRounds "9"]
[EventCountry "ARG"]
[EventCategory "1"]
[SourceTitle "CBM 185 Extra"]
[Source "ChessBase"]
[SourceDate "2018.07.29"]
[SourceVersion "1"]
[SourceVersionDate "2018.07.29"]
[SourceQuality "1"]

1. d4 Nf6 2. Bg5 Ne4 3. Bf4 d5 4. f3 Nd6 5. Nc3 e6 6. e4 c6 7. Qd2 Be7 8. Bd3 0-0 9. Nge2 Nd7 10. 0-0 dxe4 11. fxe4 c5 12. e5 Ne8 13. d5 exd5 14. Nxd5 Nb6 15. c4 Be6 16. Nec3 Nc7 17. Nxe7+ Qxe7 18. Qc2 h6 19. Ne4 Rad8 20. Bxh6 Bxc4 21. Nf6+ Kh8 22. Bxc4 1-0

[Event "Buenos Aires Grafica Yael-A"]
[Site "Buenos Aires"]
[Date "2018.07.30"]
[Round "4"]
[White "Strgacich, Aylen"]
[Black "Zapata Charles, Santiago"]
[Result "0-1"]
[WhiteElo "1869"]
[BlackElo "2351"]
[PlyCount "70"]
[EventDate "2018.07.28"]
[EventType "tourn"]
[EventRounds "9"]
[EventCountry "ARG"]
[EventCategory "1"]
[SourceTitle "CBM 185 Extra"]
[Source "ChessBase"]
[SourceDate "2018.07.29"]
[SourceVersion "1"]
[SourceVersionDate "2018.07.29"]
[SourceQuality "1"]

1. d4 d5 2. c4 dxc4 3. Qa4+ Nc6 4. Nf3 Bg4 5. e3 Bxf3 6. gxf3 Qd5 7. Be2 e6 8. Bd2 b5 9. Qa6 Nb4 10. Bxb4 Bxb4+ 11. Nc3 Ne7 12. e4 Qc6 13. Qxc6+ Nxc6 14. 0-0-0 a6 15. f4 Ne7 16. Rhg1 0-0 17. Bf3 Rad8 18. Ne2 Ba5 19. h4 f5 20. h5 Bb6 21. Rg2 Rf7 22. Kc2 fxe4 23. Bxe4 Nd5 24. h6 g6 25. Rdg1 Nxf4 26. Nxf4 Rxf4 27. Bxg6 hxg6 28. Rxg6+ Kh8 29. h7 Rxf2+ 30. Kc1 Kxh7 31. Rg7+ Kh8 32. R7g6 Rh2 33. Rxe6 Bxd4 34. Rge1 Bxb2+ 35. Kb1 Bg7 0-1

[Event "Buenos Aires Grafica Yael-A"]
[Site "Buenos Aires"]
[Date "2018.07.29"]
[Round "2"]
[White "Strgacich, Aylen"]
[Black "Bobadilla Viera, Jorge Samuel"]
[Result "0-1"]
[WhiteElo "1869"]
[BlackElo "2329"]
[PlyCount "58"]
[EventDate "2018.07.28"]
[EventType "tourn"]
[EventRounds "9"]
[EventCountry "ARG"]
[EventCategory "1"]
[SourceTitle "CBM 185 Extra"]
[Source "ChessBase"]
[SourceDate "2018.07.29"]
[SourceVersion "1"]
[SourceVersionDate "2018.07.29"]
[SourceQuality "1"]

1. d4 Nf6 2. c4 e6 3. Nf3 d5 4. Nc3 Bb4 5. Nd2 0-0 6. a3 Be7 7. b4 Nc6 8. e3 e5 9. dxe5 Nxe5 10. Bb2 Bg4 11. f3 Bh5 12. cxd5 Nxd5 13. Nxd5 Qxd5 14. Nc4 Nxf3+ 15. Kf2 Bh4+ 16. g3 Nd2 17. Qxd2 Qxh1 18. gxh4 Qxh2+ 19. Bg2 Qxh4+ 20. Kg1 Qxc4 21. Rc1 Qg4 22. Rxc7 Rad8 23. Qf2 Bg6 24. Bd4 Be4 25. Kh2 Rd6 26. Bc5 Rh6+ 27. Kg1 Bxg2 28. Qxg2 Qd1+ 29. Kf2 Rf6+ 0-1

[Event "Buenos Aires Grafica Yael-A"]
[Site "Buenos Aires"]
[Date "2018.07.28"]
[Round "1"]
[White "Mendez, Ernesto"]
[Black "Strgacich, Aylen"]
[Result "1-0"]
[WhiteElo "2361"]
[BlackElo "1869"]
[PlyCount "53"]
[EventDate "2018.07.28"]
[EventType "tourn"]
[EventRounds "9"]
[EventCountry "ARG"]
[EventCategory "1"]
[SourceTitle "CBM 185 Extra"]
[Source "ChessBase"]
[SourceDate "2018.07.29"]
[SourceVersion "1"]
[SourceVersionDate "2018.07.29"]
[SourceQuality "1"]

1. d4 Nf6 2. c4 g6 3. Nc3 d5 4. Bg5 Bg7 5. Bxf6 Bxf6 6. cxd5 c5 7. dxc5 Nd7 8. e3 0-0 9. Bc4 Nxc5 10. Nge2 Qb6 11. Qd2 Bf5 12. Rc1 Rac8 13. Ng3 Qb4 14. Be2 Bd7 15. 0-0 Na4 16. Nce4 Qxb2 17. Nxf6+ exf6 18. Qxb2 Nxb2 19. Ne4 Kg7 20. Nd6 Rcd8 21. Nxb7 Rde8 22. Rc7 Bc8 23. Nc5 Bf5 24. e4 Bxe4 25. Ne6+ Kg8 26. Nxf8 Bxd5 27. Nd7 1-0

[Event "Wch U18 Girls"]
[Site "Montevideo"]
[Date "2017.09.25"]
[Round "10"]
[White "Waechter, Nathalie"]
[Black "Strgacich, Aylen"]
[Result "1-0"]
[WhiteElo "1984"]
[BlackElo "1897"]
[PlyCount "93"]
[EventDate "2017.09.17"]
[EventType "swiss"]
[EventRounds "11"]
[EventCountry "URU"]
[SourceTitle "EXT 2018"]
[Source "ChessBase"]
[SourceDate "2017.10.13"]
[SourceVersion "1"]
[SourceVersionDate "2017.10.13"]
[SourceQuality "1"]

1. d4 Nf6 2. c4 g6 3. Nc3 d5 4. e3 Bg7 5. b4 b6 6. Qb3 c5 7. dxc5 bxc5 8. b5 0-0 9. Bb2 d4 10. exd4 cxd4 11. Rd1 e5 12. Nf3 Qc7 13. Nd5 Nxd5 14. cxd5 Bg4 15. Be2 Qa5+ 16. Kf1 Bc8 17. Bc4 Bb7 18. Ba3 Re8 19. d6 Bxf3 20. Qxf3 Rf8 21. Bd5 Qxb5+ 22. Kg1 Rc8 23. Qxf7+ Kh8 24. Bxa8 Rf8 25. d7 Qa4 26. Qb3 Qxb3 27. axb3 Rd8 28. Rc1 Nxd7 29. Bb7 d3 30. g3 d2 31. Rd1 Bh6 32. Kg2 Kg7 33. Bb2 Kf7 34. Bd5+ Ke7 35. Bc3 Nb6 36. Bxd2 Bxd2 37. Rxd2 Nxd5 38. Rhd1 Ke6 39. Kg1 Rd7 40. f3 Rd6 41. Rd3 Rd7 42. Kf2 Rd6 43. Ra1 a6 44. Ra5 Nc7 45. Rxd6+ Kxd6 46. Ke3 Nd5+ 47. Ke4 1-0

[Event "Wch U18 Girls"]
[Site "Montevideo"]
[Date "2017.09.17"]
[Round "1"]
[White "Strgacich, Aylen"]
[Black "Kiolbasa, Oliwia"]
[Result "0-1"]
[WhiteElo "1897"]
[BlackElo "2221"]
[PlyCount "57"]
[EventDate "2017.09.17"]
[EventType "swiss"]
[EventRounds "11"]
[EventCountry "URU"]
[SourceTitle "CBM 180 Extra"]
[Source "ChessBase"]
[SourceDate "2017.10.06"]
[SourceVersion "1"]
[SourceVersionDate "2017.10.06"]
[SourceQuality "1"]

1. d4 d5 2. c4 c6 3. Nf3 Nf6 4. Nbd2 g6 5. g3 Bg7 6. Bg2 0-0 7. 0-0 Bf5 8. b3 Ne4 9. Bb2 a5 10. Nh4 Nxd2 11. Qxd2 Be6 12. Rac1 a4 13. e4 axb3 14. axb3 Ra2 15. Ra1 Rxa1 16. Bxa1 dxc4 17. d5 Bxa1 18. Rxa1 cxd5 19. exd5 cxb3 20. Rb1 Bc8 21. Rxb3 Qd6 22. h3 Nd7 23. Nf3 Nf6 24. Rd3 Bf5 25. Rd4 Ra8 26. Qh6 Be4 27. Ng5 Ra1+ 28. Bf1 Qa6 29. Kh2 0-1

[Event "American Continental (Women) 10th"]
[Site "Villa Martelli"]
[Date "2017.09.13"]
[Round "8"]
[White "Strgacich, Aylen"]
[Black "Librelato, Kathie Goulart"]
[Result "0-1"]
[WhiteElo "1897"]
[BlackElo "2085"]
[PlyCount "106"]
[EventDate "2017.09.05"]
[EventType "swiss"]
[EventRounds "9"]
[EventCountry "ARG"]
[SourceTitle "CBM 180 Extra"]
[Source "ChessBase"]
[SourceDate "2017.10.06"]
[SourceVersion "1"]
[SourceVersionDate "2017.10.06"]
[SourceQuality "1"]

1. d4 Nf6 2. c4 g6 3. Nc3 Bg7 4. Nf3 0-0 5. g3 c6 6. Bg2 d5 7. Ne5 dxc4 8. Nxc4 Be6 9. Ne5 Nbd7 10. 0-0 Nxe5 11. dxe5 Nd7 12. f4 Qb6+ 13. e3 Rfd8 14. Qc2 Nc5 15. b3 Bf5 16. Qf2 Nd3 17. Qf3 f6 18. Na4 Qb4 19. e4 Bg4 20. Qxg4 Qd4+ 21. Kh1 b5 22. Ba3 bxa4 23. Bxe7 fxe5 24. Bxd8 Rxd8 25. Qe6+ Kh8 26. Qe7 exf4 27. gxf4 Bf6 28. Qf7 Bg7 29. f5 Rf8 30. Qe7 Nf2+ 31. Rxf2 Qxa1+ 32. Rf1 Qf6 33. Qxf6 Rxf6 34. bxa4 Rd6 35. Rf2 Rd1+ 36. Bf1 Bd4 37. Rf3 Kg7 38. fxg6 hxg6 39. Rf4 c5 40. Kg2 Rd2+ 41. Kh1 Be5 42. Rh4 g5 43. Rh3 Kg6 44. Bc4 g4 45. Rh4 Kg5 46. Rh7 Kf4 47. Rxa7 Kf3 48. Rf7+ Bf4 49. Kg1 Rd1+ 50. Bf1 c4 51. e5 c3 52. e6 c2 53. e7 Rxf1+ 0-1

[Event "American Continental (Women) 10th"]
[Site "Villa Martelli"]
[Date "2017.09.11"]
[Round "6"]
[White "Strgacich, Aylen"]
[Black "Bosco, Giuliana"]
[Result "1-0"]
[WhiteElo "1897"]
[BlackElo "1582"]
[PlyCount "131"]
[EventDate "2017.09.05"]
[EventType "swiss"]
[EventRounds "9"]
[EventCountry "ARG"]
[SourceTitle "CBM 180 Extra"]
[Source "ChessBase"]
[SourceDate "2017.10.06"]
[SourceVersion "1"]
[SourceVersionDate "2017.10.06"]
[SourceQuality "1"]

1. d4 Nf6 2. c4 g6 3. Nc3 Bg7 4. Nf3 0-0 5. g3 d6 6. Bg2 Nc6 7. 0-0 e5 8. d5 Ne7 9. e4 Ne8 10. Ne1 f5 11. Nd3 Nf6 12. f4 fxe4 13. Nxe4 Nxe4 14. Bxe4 exf4 15. Nxf4 Nf5 16. Rb1 Qe7 17. Qd3 Qe5 18. b4 Re8 19. Ne6 Bxe6 20. Bb2 Nd4 21. dxe6 c6 22. Rfe1 Qf6 23. Ba1 Rab8 24. Rbd1 c5 25. Bd5 Re7 26. Rf1 Qe5 27. Rf7 Rbe8 28. Rdf1 Ne2+ 29. Kf2 Nd4 30. Kg1 Ne2+ 31. Kf2 Nd4 32. Re1 Qxe1+ 33. Kxe1 Rxf7 34. Bxd4 Bxd4 35. e7 Rexe7+ 36. Kd1 Kg7 37. Bxf7 Kxf7 38. Qf3+ Kg7 39. b5 Be5 40. a4 Rf7 41. Qd5 Rf1+ 42. Ke2 Rf7 43. a5 Re7 44. Kd2 Rf7 45. Ke2 Re7 46. Kf3 Rf7+ 47. Kg2 Re7 48. Kh3 Rf7 49. Qe6 Rf6 50. Qc8 Rf7 51. Qa8 d5 52. cxd5 c4 53. Qxa7 c3 54. Qe3 Bf6 55. d6 Rd7 56. Qc5 Rf7 57. a6 bxa6 58. bxa6 Rd7 59. a7 Rd8 60. Qc7+ Kf8 61. Qxd8+ Bxd8 62. a8Q c2 63. Qxd8+ Kg7 64. Qc7+ Kf8 65. d7 Kg8 66. d8R# 1-0

[Event "American Continental (Women) 10th"]
[Site "Villa Martelli"]
[Date "2017.09.06"]
[Round "2"]
[White "Strgacich, Aylen"]
[Black "Carraro, Denise"]
[Result "0-1"]
[WhiteElo "1897"]
[BlackElo "2071"]
[PlyCount "102"]
[EventDate "2017.09.05"]
[EventType "swiss"]
[EventRounds "9"]
[EventCountry "ARG"]
[SourceTitle "CBM 180 Extra"]
[Source "ChessBase"]
[SourceDate "2017.10.06"]
[SourceVersion "1"]
[SourceVersionDate "2017.10.06"]
[SourceQuality "1"]

1. d4 Nf6 2. c4 e6 3. g3 c5 4. d5 exd5 5. cxd5 d6 6. Nc3 g6 7. Bg2 Bg7 8. Nf3 0-0 9. 0-0 Re8 10. Bf4 h6 11. Nb5 Bf8 12. a4 a6 13. Nc3 Bf5 14. h3 g5 15. Nxg5 hxg5 16. Bxg5 Be7 17. f4 Ne4 18. Nxe4 Bxe4 19. Bxe4 Bxg5 20. Bc2 Bf6 21. Rb1 Re3 22. Rf3 Qe7 23. Qd2 Bd4 24. Kh1 a5 25. Rxe3 Qxe3 26. Qxe3 Bxe3 27. Kg2 Nd7 28. Kf3 Re8 29. Bd3 Nb6 30. Rd1 Re7 31. b3 Nxd5 32. Bc4 Nb4 33. Rxd6 Nc6 34. Kg2 Nd4 35. Rd5 b6 36. Rd6 Bd2 37. Kf1 Re3 38. Kf2 Re7 39. Rxb6 Kg7 40. Rd6 Be3+ 41. Kg2 Rb7 42. Bd5 Re7 43. Bc4 Bc1 44. Kf2 Bb2 45. Rd5 Nc2 46. Kf3 Bd4 47. h4 f6 48. Rd8 f5 49. Kg2 Ne3+ 50. Kh1 Nxc4 51. bxc4 Rxe2 0-1

[Event "American Continental (Women) 10th"]
[Site "Villa Martelli"]
[Date "2017.09.05"]
[Round "1"]
[White "Miranda Llanes, Yerisbel"]
[Black "Strgacich, Aylen"]
[Result "1-0"]
[WhiteElo "2192"]
[BlackElo "1897"]
[PlyCount "47"]
[EventDate "2017.09.05"]
[EventType "swiss"]
[EventRounds "9"]
[EventCountry "ARG"]
[SourceTitle "CBM 180 Extra"]
[Source "ChessBase"]
[SourceDate "2017.10.06"]
[SourceVersion "1"]
[SourceVersionDate "2017.10.06"]
[SourceQuality "1"]

1. d4 Nf6 2. c4 g6 3. Nc3 d5 4. cxd5 Nxd5 5. e4 Nxc3 6. bxc3 Bg7 7. Nf3 0-0 8. Rb1 c5 9. Be2 Nc6 10. d5 Ne5 11. Nxe5 Bxe5 12. Qd2 Qa5 13. Rb3 Qc7 14. f4 Bg7 15. 0-0 Rb8 16. c4 Bd4+ 17. Kh1 e5 18. f5 f6 19. fxg6 hxg6 20. Qh6 Qg7 21. Rg3 Kf7 22. Rxg6 Qxg6 23. Bh5 Rg8 24. Qh7+ 1-0

[Event "ARG-chT"]
[Site "Villa Martelli"]
[Date "2017.09.02"]
[Round "5.2"]
[White "Santoro, Osmar Daniel"]
[Black "Strgacich, Aylen"]
[Result "1/2-1/2"]
[WhiteElo "2128"]
[BlackElo "1897"]
[PlyCount "86"]
[EventDate "2017.08.05"]
[EventType "team-swiss"]
[EventRounds "9"]
[EventCountry "ARG"]
[SourceTitle "CBM 180 Extra"]
[Source "ChessBase"]
[SourceDate "2017.10.06"]
[SourceVersion "1"]
[SourceVersionDate "2017.10.06"]
[SourceQuality "1"]
[WhiteTeam "Villa del Parque CC"]
[BlackTeam "Mar del Plata"]
[WhiteTeamCountry "ARG"]
[BlackTeamCountry "ARG"]

1. g4 d5 2. Bg2 Bxg4 3. c4 c6 4. cxd5 cxd5 5. Nc3 Nf6 6. Qb3 e6 7. Qxb7 Nbd7 8. d4 Bd6 9. Qa6 Nb6 10. Qb5+ Qd7 11. f3 Bh5 12. Qxd7+ Nfxd7 13. Nh3 Nc4 14. 0-0 Nf6 15. Nb5 Bb8 16. b3 Na5 17. Nf4 a6 18. Nc3 Ba7 19. e3 Nc6 20. Rd1 g5 21. Nxh5 Nxh5 22. Ba3 Rc8 23. Rac1 f5 24. Bc5 Bxc5 25. dxc5 Ne5 26. Nxd5 exd5 27. Rxd5 Nc6 28. Rxf5 h6 29. Bh3 Rc7 30. Bf1 a5 31. Bb5 Ke7 32. a3 Ke6 33. e4 Nf4 34. Bc4+ Kd7 35. Rd1+ Kc8 36. Ba6+ Kb8 37. b4 axb4 38. axb4 Nxb4 39. Rb1 Ka7 40. Bc4 Rb8 41. Ra1+ Kb7 42. Rb1 Ka7 43. Ra1+ Kb7 1/2-1/2

[Event "ARG-chT ART Semillero U21 Girls"]
[Site "Villa Martelli"]
[Date "2017.08.24"]
[Round "2"]
[White "Strgacich, Aylen"]
[Black "Saldarini, Alenka"]
[Result "1-0"]
[WhiteElo "1923"]
[BlackElo "1541"]
[PlyCount "77"]
[EventDate "2017.05.13"]
[EventType "team-tourn"]
[EventRounds "7"]
[EventCountry "ARG"]
[SourceTitle "EXT 2018"]
[Source "ChessBase"]
[SourceDate "2017.10.13"]
[SourceVersion "1"]
[SourceVersionDate "2017.10.13"]
[SourceQuality "1"]
[WhiteTeam "San Isidro U21 Girls"]
[BlackTeam "Club Argentino U21 Girls"]
[WhiteTeamCountry "ARG"]
[BlackTeamCountry "ARG"]

1. d4 Nf6 2. c4 g6 3. Nc3 d6 4. g3 Bg7 5. Bg2 0-0 6. Nf3 Nbd7 7. 0-0 Ne8 8. d5 a5 9. e4 Nc5 10. Ne1 f5 11. Nd3 Nxd3 12. Qxd3 e6 13. dxe6 Bxe6 14. exf5 Bxf5 15. Qd5+ Kh8 16. Qxb7 Rb8 17. Qf3 Qe7 18. Qd1 Qf7 19. Qe2 Nf6 20. b3 Ne4 21. Bxe4 Bxc3 22. Bb2 Bxb2 23. Qxb2+ Qf6 24. Qxf6+ Rxf6 25. Bxf5 Rxf5 26. f4 Rb4 27. Rfe1 Rf7 28. Re8+ Kg7 29. Rae1 a4 30. R1e3 axb3 31. axb3 Kh6 32. Kg2 c5 33. Rd3 Rf6 34. Re7 Rb6 35. h4 Ra6 36. Kf3 Rf8 37. g4 g5 38. hxg5+ Kg6 39. Re6+ 1-0

[Event "ARG-chT"]
[Site "Villa Martelli"]
[Date "2017.08.19"]
[Round "3.3"]
[White "Amato, Leonel"]
[Black "Strgacich, Aylen"]
[Result "1-0"]
[WhiteElo "2013"]
[BlackElo "1897"]
[PlyCount "59"]
[EventDate "2017.08.05"]
[EventType "team-swiss"]
[EventRounds "9"]
[EventCountry "ARG"]
[SourceTitle "CBM 180 Extra"]
[Source "ChessBase"]
[SourceDate "2017.10.06"]
[SourceVersion "1"]
[SourceVersionDate "2017.10.06"]
[SourceQuality "1"]
[WhiteTeam "Tren Verde"]
[BlackTeam "Mar del Plata"]
[WhiteTeamCountry "ARG"]
[BlackTeamCountry "ARG"]

1. d4 Nf6 2. Bf4 g6 3. Nc3 d5 4. Nb5 Na6 5. e3 Bg7 6. Nf3 0-0 7. a3 Ne4 8. Bd3 c6 9. Nc3 Nxc3 10. bxc3 Qa5 11. Qd2 c5 12. c4 Qxd2+ 13. Kxd2 cxd4 14. exd4 Rd8 15. c5 Nb8 16. Rab1 Nc6 17. c3 a6 18. Rb6 f6 19. Re1 Bf8 20. Rbb1 e5 21. dxe5 fxe5 22. Nxe5 Nxe5 23. Rxe5 Bxc5 24. Bg5 Rd7 25. a4 b6 26. Re8+ Kf7 27. Rbe1 Bxf2 28. R1e2 Bc5 29. Rh8 Bf8 30. Rf2+ 1-0

[Event "ARG-chT ART Semillero U21 Girls"]
[Site "Villa Martelli"]
[Date "2017.06.24"]
[Round "7"]
[White "Liguo, Victoria"]
[Black "Strgacich, Aylen"]
[Result "1/2-1/2"]
[WhiteElo "1448"]
[BlackElo "1923"]
[PlyCount "63"]
[EventDate "2017.05.13"]
[EventType "team-tourn"]
[EventRounds "7"]
[EventCountry "ARG"]
[SourceTitle "EXT 2018"]
[Source "ChessBase"]
[SourceDate "2017.10.13"]
[SourceVersion "1"]
[SourceVersionDate "2017.10.13"]
[SourceQuality "1"]
[WhiteTeam "Ferro Carril Oeste U21 Girls"]
[BlackTeam "San Isidro U21 Girls"]
[WhiteTeamCountry "ARG"]
[BlackTeamCountry "ARG"]

1. e4 c5 2. Nf3 d6 3. d4 cxd4 4. Nxd4 Nf6 5. Nc3 a6 6. Be2 e5 7. Nb3 Be7 8. Bg5 Be6 9. Bxf6 Bxf6 10. Qd3 Nc6 11. Rd1 Nb4 12. Qxd6 Nxc2+ 13. Kf1 Qxd6 14. Rxd6 Nd4 15. Nxd4 exd4 16. Nd5 Be5 17. Nc7+ Ke7 18. Rxe6+ fxe6 19. Nxa8 Rxa8 20. Bd3 Rc8 21. Ke2 g5 22. g3 Kf6 23. Kd2 Bd6 24. Rc1 Bb4+ 25. Kd1 Rxc1+ 26. Kxc1 Be1 27. f3 h5 28. Kd1 Bf2 29. Ke2 Be3 30. a4 Ke5 31. Bc4 Kd6 32. h3 1/2-1/2

[Event "ARG-ch (Women) 70th"]
[Site "Buenos Aires"]
[Date "2017.06.17"]
[Round "6"]
[White "Strgacich, Aylen"]
[Black "Brizzi, Milagros Tatiana"]
[Result "1-0"]
[WhiteElo "1873"]
[BlackElo "2041"]
[PlyCount "71"]
[EventDate "2017.06.12"]
[EventType "swiss"]
[EventRounds "9"]
[EventCountry "ARG"]
[SourceTitle "CBM 179 Extra"]
[Source "ChessBase"]
[SourceDate "2017.08.23"]
[SourceVersion "1"]
[SourceVersionDate "2017.08.23"]
[SourceQuality "1"]

1. d4 f5 2. c4 Nf6 3. Nf3 b6 4. g3 Bb7 5. Bg2 e6 6. 0-0 Be7 7. Nc3 0-0 8. d5 exd5 9. cxd5 Na6 10. Nd4 Ne4 11. Nxe4 fxe4 12. Bxe4 Nc5 13. Bg2 a5 14. Bd2 Rc8 15. Bc3 Qe8 16. Qc2 Qh5 17. e4 Ba6 18. Rfd1 Rf7 19. f4 Rcf8 20. e5 Bd8 21. a3 a4 22. Bb4 Be7 23. e6 Rf6 24. exd7 Rh6 25. Bf3 Qh3 26. Ne6 Rb8 27. Re1 Bd3 28. Qg2 Qxg2+ 29. Bxg2 Bg6 30. Nxc5 Bxc5+ 31. Bxc5 bxc5 32. Re7 Bf7 33. Rae1 Kf8 34. Bf1 Rd6 35. Bb5 Rd8 36. Re8+ 1-0

[Event "South America-ch U18 Girls 13th"]
[Site "Santiago de Chile"]
[Date "2016.12.02"]
[Round "2"]
[White "Strgacich, Aylen"]
[Black "Fuentes Palma, Antonella Valentina"]
[Result "1-0"]
[WhiteElo "1912"]
[BlackElo "1450"]
[PlyCount "67"]
[EventDate "2016.12.01"]
[EventType "swiss"]
[EventRounds "9"]
[EventCountry "CHI"]
[SourceTitle "EXT 2018"]
[Source "ChessBase"]
[SourceDate "2017.10.13"]
[SourceVersion "1"]
[SourceVersionDate "2017.10.13"]
[SourceQuality "1"]

1. d4 d6 2. c4 e5 3. dxe5 dxe5 4. Qxd8+ Kxd8 5. Nc3 c6 6. Nf3 f6 7. g3 Be6 8. b3 Nd7 9. Bg2 Bc5 10. 0-0 Kc7 11. Ne4 Be7 12. Bb2 Nh6 13. Rac1 Bf5 14. Nc3 Nf7 15. e4 Be6 16. Nd5+ Kd8 17. Nxe7 Kxe7 18. Ne1 Nh6 19. h3 g6 20. Nd3 g5 21. f4 gxf4 22. gxf4 Rhg8 23. Kh2 Rg7 24. fxe5 fxe5 25. Nxe5 Nxe5 26. Bxe5 Rg6 27. Rcd1 Rag8 28. Rf2 Nf7 29. Bb2 Ng5 30. Ba3+ Ke8 31. Rd3 b6 32. Bb2 Rh6 33. Bf6 Rhg6 34. Rd8+ 1-0

[Event "South America-ch U18 Girls 13th"]
[Site "Santiago de Chile"]
[Date "2016.12.01"]
[Round "1"]
[White "Gutierrez Bravo, Nicole Abigail"]
[Black "Strgacich, Aylen"]
[Result "1/2-1/2"]
[WhiteElo "1666"]
[BlackElo "1912"]
[PlyCount "110"]
[EventDate "2016.12.01"]
[EventType "swiss"]
[EventRounds "9"]
[EventCountry "CHI"]
[SourceTitle "EXT 2018"]
[Source "ChessBase"]
[SourceDate "2017.10.13"]
[SourceVersion "1"]
[SourceVersionDate "2017.10.13"]
[SourceQuality "1"]

1. e4 c5 2. Nf3 d6 3. Bb5+ Nc6 4. d4 cxd4 5. Nxd4 Bd7 6. Nc3 g6 7. Be3 Bg7 8. 0-0 Nf6 9. f3 a6 10. Bc4 b5 11. Nxc6 Bxc6 12. Bb3 0-0 13. a3 Qc7 14. Qd2 Rad8 15. Nd5 Bxd5 16. exd5 Nd7 17. c3 Ne5 18. Qe2 Nc4 19. a4 Nxe3 20. Qxe3 b4 21. cxb4 Bxb2 22. Ra2 Bf6 23. Rc2 Qb7 24. Qd2 Rb8 25. Rc4 Rfc8 26. Rb1 Qd7 27. Rbc1 Qf5 28. g4 Qd7 29. Kg2 Rxc4 30. Rxc4 Kg7 31. Bd1 h6 32. Rc6 Qb7 33. Rc4 Be5 34. Be2 e6 35. dxe6 fxe6 36. b5 axb5 37. axb5 Rf8 38. Ra4 Rf7 39. h4 Qe7 40. Kh3 d5 41. Qe3 Bb8 42. Ra6 Qc7 43. Qg1 Qe5 44. Ra2 d4 45. Bd1 d3 46. Rd2 Qxb5 47. Qd4+ Qe5 48. Qxe5+ Bxe5 49. Rxd3 Bf4 50. Bb3 Rc7 51. Kg2 e5 52. Bd5 Rc5 53. Be4 Rc2+ 54. Kg1 Rc1+ 55. Kg2 Rc2+ 1/2-1/2

[Event "Villa Martelli ProAm op 23rd"]
[Site "Villa Martelli"]
[Date "2016.11.24"]
[Round "6"]
[White "Strgacich, Aylen"]
[Black "Amato, Leonel"]
[Result "0-1"]
[WhiteElo "1878"]
[BlackElo "2091"]
[PlyCount "62"]
[EventDate "2016.11.20"]
[EventType "swiss"]
[EventRounds "9"]
[EventCountry "ARG"]
[SourceTitle "CBM 175 Extra"]
[Source "ChessBase"]
[SourceDate "2016.12.12"]
[SourceVersion "1"]
[SourceVersionDate "2016.12.12"]
[SourceQuality "1"]

1. d4 e6 2. c4 f5 3. Nc3 d5 4. Nf3 c6 5. Bf4 Nf6 6. e3 Bd6 7. Bxd6 Qxd6 8. Ne5 0-0 9. Bd3 Ne4 10. f4 Nd7 11. 0-0 Ndf6 12. Rf3 Qe7 13. Rh3 Nd6 14. g4 dxc4 15. Bc2 g6 16. Rg3 Nxg4 17. Nxg4 fxg4 18. Rxg4 e5 19. Rg3 exf4 20. exf4 Rxf4 21. Qd2 Rf7 22. d5 Bf5 23. dxc6 bxc6 24. Ba4 Ne4 25. Nxe4 Bxe4 26. Qd4 Bd5 27. Bc2 Raf8 28. Re3 Qg5+ 29. Rg3 Qh5 30. h4 Qe2 31. Bxg6 Rf1+ 0-1